Catálogo

Vista normal Vista MARC

Entrada Personal Name

Número de registros utilizados en: 1

001 - CONTROL NUMBER

  • control field: 17468

003 - CONTROL NUMBER IDENTIFIER

  • control field: DLC

005 - DATE AND TIME OF LATEST TRANSACTION

  • control field: 20250915144029.0

008 - FIXED-LENGTH DATA ELEMENTS

  • fixed length control field: 800529n| azannaabn |a aaa

010 ## - LIBRARY OF CONGRESS CONTROL NUMBER

  • LC control number: n 80067110

035 ## - SYSTEM CONTROL NUMBER

  • System control number: (OCoLC)oca00448658

040 ## - CATALOGING SOURCE

  • Original cataloging agency: DLC
  • Language of cataloging: spa
  • Description conventions: rda
  • Transcribing agency: Mx-PuUPA
  • Modifying agency: DLC
  • Modifying agency: DLC-R
  • Modifying agency: OCoLC
  • Modifying agency: NjP
  • Modifying agency: IEN
  • Modifying agency: CtY
  • Modifying agency: NNC
  • Modifying agency: DLC
  • Modifying agency: Mx-PuUPA

046 ## - SPECIAL CODED DATES

  • Birth date: 19230404
  • Death date: 1995
  • Source of date scheme: edtf

100 1# - HEADING--PERSONAL NAME

  • Personal name: Mandel, Ernest,
  • Dates associated with a name: 1923-1995

372 ## - FIELD OF ACTIVITY

  • Field of activity: Comunismo
  • Field of activity: Economía marxista
  • Source of term: lcsh

374 ## - OCCUPATION

  • Occupation: Economista
  • Occupation: Autor
  • Source of term: lcsh

375 ## - GENDER

  • Gender: hombre

377 ## - ASSOCIATED LANGUAGE

  • Language code: fre

400 1# - SEE FROM TRACING--PERSONAL NAME

  • Personal name: Mandel, E.
  • Fuller form of name: (Ernest),
  • Dates associated with a name: 1923-1995

400 1# - SEE FROM TRACING--PERSONAL NAME

  • Personal name: Germain,
  • Dates associated with a name: 1923-1995

400 1# - SEE FROM TRACING--PERSONAL NAME

  • Personal name: Gousset, Pierre,
  • Dates associated with a name: 1923-1995

400 1# - SEE FROM TRACING--PERSONAL NAME

  • Personal name: Man-te-erh, Ou-nei-ssu-tʻe,
  • Dates associated with a name: 1923-1995

400 1# - SEE FROM TRACING--PERSONAL NAME

  • Personal name: Manderu, Erunesuto,
  • Dates associated with a name: 1923-1995

670 ## - SOURCE DATA FOUND

  • Source citation: His Traité d'économie marxiste, 1962.

670 ## - SOURCE DATA FOUND

  • Source citation: nuc88-30274: His O byrokracii, 1973?
  • Information found: (hdg. on MiU rept.: Mandel, Ernest; usage: E. Mandel)

670 ## - SOURCE DATA FOUND

  • Source citation: Trotzki als Alternative, c1992:
  • Information found: t.p. (Ernest Mandel) jkt. (b. 4/4/23; used pseudonyms Germain and Pierre Gousset)

670 ## - SOURCE DATA FOUND

  • Source citation: Rzu pen chu i fa chan ti chʻang po, 1993:
  • Information found: t.p. (Ou-nei-ssu-tʻe Man-te-erh)

670 ## - SOURCE DATA FOUND

  • Source citation: The legacy of Ernest Mandel, 1999:
  • Information found: p.3 (b. 1923, d. 1995)

670 ## - SOURCE DATA FOUND

  • Source citation: Info. converted from 678, 2012-10-02
  • Information found: (b. 1923)

670 ## - SOURCE DATA FOUND

  • Source citation: Dainiji Sekai Taisen to wa nan datta no ka, 2014:
  • Information found: t.p. (エルネスト・マンデル = Erunesuto Manderu [in kana]) colophon (Ernest Mandel; Marxian economist)